Harry Potter Movie Picture Quiz - Location/Places - Statistics

General Stats
  • This quiz has been taken 41 times
    31 since last reset
  • The average score is 15 of 20
Answer Stats
Picture Answer % Correct
Hagrid's Hut
93%
Hogwarts School of Witchcraft and Wizardry
93%
The Burrow
93%
Dursley House
86%
King's Cross Station
86%
Godric's Hollow
79%
Grimmauld Place
79%
Gringotts Wizarding Bank
79%
Ministry of Magic
79%
Hogsmeade
75%
3 Broomsticks
71%
Leaky Cauldron
71%
Ollivanders: Makers of Fine Wands
71%
Shrieking Shack
71%
Honeydukes
68%
Malfoy Manor
64%
Room of Requirement
64%
Shell Cottage
54%
Weasleys' Wizard Wheezes
50%
Lovegood House
46%
No matching quizzes found
Score Distribution
Percent of People with Each Score
Percentile by Number Answered
Your Score History
You have not taken this quiz since the last reset